[Event "Charlotte CCCSA Summer IM-D"]
[Site "Charlotte"]
[Date "2021.07.31"]
[Round "6"]
[White "Tello Chavez, Isaac Valentino"]
[Black "Huston, Gus"]
[Result "1-0"]
[WhiteElo "2270"]
[BlackElo "2078"]
[PlyCount "71"]
[EventDate "2021.07.28"]
[EventType "tourn"]
[EventRounds "9"]
[EventCountry "USA"]
[SourceTitle "CBM 203 Extra"]
[Source "ChessBase"]
[SourceDate "2021.09.30"]
[SourceVersion "1"]
[SourceVersionDate "2021.09.30"]
[SourceQuality "1"]

1. c4 Nf6 2. g3 c5 3. Bg2 Nc6 4. Nc3 g6 5. e4 Bg7 6. Nge2 0-0 7. d3 d6 8. 0-0 Ne8 9. Be3 Nc7 10. d4 cxd4 11. Nxd4 Ne6 12. Nde2 Bd7 13. h3 Rb8 14. a4 a6 15. b3 Nc5 16. Rb1 Nb4 17. Nd4 Re8 18. Qd2 e6 19. Rfd1 Qc7 20. Nde2 Bf8 21. e5 Ncd3 22. exd6 Qa5 23. Na2 b6 24. Nxb4 Nxb4 25. Bd4 Bg7 26. Bxg7 Kxg7 27. Nc3 Rbd8 28. Qb2 f6 29. Rd2 h6 30. Rbd1 g5 31. Ne4 Qf5 32. Qd4 Rb8 33. Qc3 a5 34. g4 Qf4 35. Ng3 Kf7 36. Re1 1-0

[Event "Mexico City Fenamac-A 3rd"]
[Site "Mexico City"]
[Date "2021.07.25"]
[Round "9"]
[White "Medina Diaz, Rafael Alejandro"]
[Black "Tello Chavez, Isaac Valentino"]
[Result "1/2-1/2"]
[WhiteElo "2299"]
[BlackElo "2270"]
[PlyCount "54"]
[EventDate "2021.07.21"]
[EventType "tourn"]
[EventRounds "9"]
[EventCountry "MEX"]
[EventCategory "2"]
[SourceTitle "CBM 203 Extra"]
[Source "ChessBase"]
[SourceDate "2021.09.30"]
[SourceVersion "1"]
[SourceVersionDate "2021.09.30"]
[SourceQuality "1"]

1. e4 c6 2. c4 d5 3. exd5 cxd5 4. d4 Nf6 5. Nf3 e6 6. Nc3 Be7 7. Bd3 dxc4 8. Bxc4 0-0 9. 0-0 Nc6 10. Re1 b6 11. a3 Bb7 12. Bb3 Rc8 13. Bc2 Re8 14. Qd3 Qd6 15. d5 exd5 16. Bg5 Ne4 17. Nxe4 dxe4 18. Qxe4 g6 19. Qh4 h5 20. Rad1 Qc7 21. Bxg6 fxg6 22. Qc4+ Kg7 23. Bf4 Ba6 24. Qc3+ Bf6 25. Bxc7 Bxc3 26. Rxe8 Rxe8 27. bxc3 Kg8 1/2-1/2

[Event "Mexico City Fenamac-A 3rd"]
[Site "Mexico City"]
[Date "2021.07.23"]
[Round "5"]
[White "Tello Chavez, Isaac Valentino"]
[Black "Schwartz, Ylon"]
[Result "0-1"]
[WhiteElo "2270"]
[BlackElo "2258"]
[PlyCount "92"]
[EventDate "2021.07.21"]
[EventType "tourn"]
[EventRounds "9"]
[EventCountry "MEX"]
[EventCategory "2"]
[SourceTitle "CBM 203 Extra"]
[Source "ChessBase"]
[SourceDate "2021.09.30"]
[SourceVersion "1"]
[SourceVersionDate "2021.09.30"]
[SourceQuality "1"]

1. c4 Nf6 2. g3 g6 3. Bg2 Bg7 4. Nc3 0-0 5. e4 Nc6 6. d4 d6 7. Nge2 e5 8. d5 Ne7 9. 0-0 Nd7 10. a3 f5 11. exf5 Nxf5 12. b4 Nf6 13. Bb2 h5 14. Qd3 h4 15. Ne4 hxg3 16. hxg3 Ng4 17. Bc1 Bh6 18. Bxh6 Ngxh6 19. c5 Bd7 20. c6 bxc6 21. dxc6 Be6 22. f3 Kg7 23. Rac1 Qb8 24. Rf2 Qb6 25. Rc3 Ne7 26. Ng5 Bg8 27. Bh3 Rf6 28. Ne4 Rff8 29. Ng5 Nhf5 30. Rc1 a6 31. Qd2 a5 32. b5 Qxb5 33. Nc3 Qc5 34. Nge4 Qxc6 35. Qg5 Rae8 36. Bf1 Qb6 37. Nb5 Nd5 38. Bd3 Qe3 39. Nxc7 Rc8 40. Qxe3 Nfxe3 41. Nxd6 Rxc7 42. Rxc7+ Nxc7 43. Nb7 Bd5 44. Nxa5 Bxf3 45. Nb3 Ng4 46. Rc2 Rh8 0-1

[Event "Mexico City Fenamac-A 3rd"]
[Site "Mexico City"]
[Date "2021.07.22"]
[Round "2"]
[White "Martinez, Jorge Alexander"]
[Black "Tello Chavez, Isaac Valentino"]
[Result "0-1"]
[WhiteElo "2154"]
[BlackElo "2270"]
[PlyCount "106"]
[EventDate "2021.07.21"]
[EventType "tourn"]
[EventRounds "9"]
[EventCountry "MEX"]
[EventCategory "2"]
[SourceTitle "CBM 203 Extra"]
[Source "ChessBase"]
[SourceDate "2021.09.30"]
[SourceVersion "1"]
[SourceVersionDate "2021.09.30"]
[SourceQuality "1"]

1. e4 c6 2. d4 d5 3. e5 c5 4. dxc5 e6 5. a3 Bxc5 6. b4 Bb6 7. Qg4 Ne7 8. Nf3 Ng6 9. Bd3 Nc6 10. Bb2 0-0 11. 0-0 Qe8 12. Qh5 Bd7 13. Nbd2 a5 14. b5 Nce7 15. a4 Rc8 16. Ba3 f5 17. exf6 gxf6 18. c4 Bc5 19. Rfe1 b6 20. g3 Qf7 21. cxd5 Nxd5 22. Ne4 Bxa3 23. Rxa3 Qe7 24. Rb3 e5 25. Nd6 Qxd6 26. Bxg6 Qe7 27. Be4 Nc3 28. Bf5 Bxf5 29. Qxf5 Rc4 30. Nd2 Rc7 31. Re3 Nd5 32. Re4 Qd7 33. Qxd7 Rxd7 34. Rd3 Rc8 35. f4 Rc1+ 36. Kf2 Rh1 37. fxe5 Rxh2+ 38. Kg1 Rh5 39. Red4 Rxe5 40. Nc4 Rg5 41. Kf2 Rc7 42. Nxa5 Rf5+ 43. Ke1 Re7+ 44. Kd1 Ne3+ 45. Rxe3 Rxe3 46. Nc4 Rxg3 47. Rd8+ Kg7 48. Ke2 h5 49. Rd7+ Kg6 50. Nd6 Re5+ 51. Kf2 Rd3 52. Rd8 Red5 53. Rg8+ Kh7 0-1

[Event "Mexico City Fenamac-B"]
[Site "Mexico City"]
[Date "2021.07.04"]
[Round "9"]
[White "Tello Chavez, Isaac Valentino"]
[Black "Frey Beckman, Kenneth"]
[Result "1-0"]
[WhiteElo "2283"]
[BlackElo "2269"]
[PlyCount "73"]
[EventDate "2021.06.30"]
[EventType "tourn"]
[EventRounds "9"]
[EventCountry "MEX"]
[EventCategory "2"]
[SourceTitle "EXT 2022"]
[Source "ChessBase"]
[SourceDate "2021.10.06"]
[SourceVersion "1"]
[SourceVersionDate "2021.10.06"]
[SourceQuality "1"]

1. c4 e6 2. Nf3 d5 3. g3 Nf6 4. Bg2 c5 5. b3 Nc6 6. 0-0 Be7 7. Bb2 d4 8. e3 e5 9. exd4 exd4 10. d3 0-0 11. a3 a5 12. Nbd2 Bf5 13. Qc2 Qd7 14. Rae1 Rfe8 15. Ng5 h6 16. Nge4 Bh3 17. Nxf6+ Bxf6 18. Ne4 Be7 19. f4 Bxg2 20. Qxg2 f5 21. Nf2 Bf6 22. Bc1 Kh7 23. Bd2 Rxe1 24. Rxe1 Re8 25. Rxe8 Qxe8 26. Qd5 Qe2 27. Qxf5+ Kh8 28. Qc8+ Kh7 29. Qxb7 Qxd2 30. Qxc6 Qc1+ 31. Kg2 Qxa3 32. Qa4 Qb2 33. Qxa5 Qxb3 34. Qxc5 Kg8 35. Qb5 Qa2 36. Qe8+ Kh7 37. c5 1-0

[Event "Mexico City Fenamac IM-2 1st"]
[Site "Mexico City"]
[Date "2021.05.09"]
[Round "7"]
[White "Tello Chavez, Isaac Valentino"]
[Black "Garcia De Dios, Jose Antonio"]
[Result "1-0"]
[WhiteElo "2254"]
[BlackElo "2206"]
[PlyCount "89"]
[EventDate "2021.05.05"]
[EventType "tourn"]
[EventRounds "9"]
[EventCountry "MEX"]
[EventCategory "1"]
[SourceTitle "CBM 202 Extra"]
[Source "ChessBase"]
[SourceDate "2021.07.31"]
[SourceVersion "1"]
[SourceVersionDate "2021.07.31"]
[SourceQuality "1"]

1. c4 e6 2. g3 d5 3. Nf3 Nf6 4. Bg2 Be7 5. 0-0 0-0 6. b3 c5 7. Bb2 Nc6 8. e3 d4 9. exd4 cxd4 10. d3 e5 11. Re1 Nd7 12. Ba3 f6 13. Nh4 g6 14. f4 Bxa3 15. Nxa3 exf4 16. gxf4 Nc5 17. Qd2 a5 18. Nc2 Qd6 19. Bd5+ Kg7 20. f5 g5 21. Nf3 Bxf5 22. Ncxd4 Nxd4 23. Nxd4 Bd7 24. Re3 Kh8 25. Rae1 Rae8 26. Nf5 Qf4 27. Rxe8 Qg4+ 28. Qg2 Qxg2+ 29. Kxg2 Bxe8 30. Nd6 Bg6 31. d4 Nd3 32. Re7 Nf4+ 33. Kf3 Nxd5 34. cxd5 Rd8 35. Nf7+ Bxf7 36. Rxf7 Rxd5 37. Ke4 Rb5 38. Rxf6 Kg7 39. Rf5 Rxf5 40. Kxf5 Kf7 41. Kxg5 b5 42. Kf5 a4 43. b4 h5 44. h4 Ke7 45. Ke5 1-0

[Event "Mexico City Fenamac IM-2 1st"]
[Site "Mexico City"]
[Date "2021.05.07"]
[Round "3"]
[White "Tello Chavez, Isaac Valentino"]
[Black "Fernandez Hernandez, Arturo Augusto"]
[Result "1/2-1/2"]
[WhiteElo "2254"]
[BlackElo "2319"]
[PlyCount "120"]
[EventDate "2021.05.05"]
[EventType "tourn"]
[EventRounds "9"]
[EventCountry "MEX"]
[EventCategory "1"]
[SourceTitle "CBM 202 Extra"]
[Source "ChessBase"]
[SourceDate "2021.07.31"]
[SourceVersion "1"]
[SourceVersionDate "2021.07.31"]
[SourceQuality "1"]

1. c4 e5 2. g3 Nc6 3. Bg2 f5 4. e3 Nf6 5. Nc3 g6 6. Nge2 Bg7 7. d4 d6 8. dxe5 dxe5 9. Qxd8+ Nxd8 10. 0-0 c6 11. e4 0-0 12. b3 Nf7 13. Ba3 Re8 14. Rad1 Be6 15. Rfe1 Rad8 16. Bc5 Rxd1 17. Rxd1 a6 18. Be3 Bf8 19. h3 h5 20. exf5 Bxf5 21. f3 Rd8 22. Rxd8 Nxd8 23. g4 Bd3 24. Kf2 Bb4 25. g5 Nd7 26. f4 Ne6 27. fxe5 Nxe5 28. Ne4 Kf7 29. N2c3 Ke7 30. Bd2 a5 31. Be3 Kf7 32. Na4 Nd7 33. Nac3 Ng7 34. Kg1 Nf5 35. Bf2 Ne5 36. Na4 Bb1 37. Nec3 Bc2 38. Be4 Bxe4 39. Nxe4 Nd3 40. Bc5 b5 41. cxb5 cxb5 42. Bxb4 axb4 43. Nac5 Nf4 44. Kh2 Ke7 45. Na6 Nd5 46. Nec5 Nd4 47. Nd3 Nc6 48. h4 Ke6 49. Kg3 Kf5 50. Nac5 Nd4 51. Na6 Ke4 52. Naxb4 Nf5+ 53. Kh3 Nc3 54. Nc5+ Kd4 55. Ne6+ Ke3 56. Nf8 Ne7 57. Kg3 Ne2+ 58. Kh2 Kf2 59. a4 bxa4 60. bxa4 Ke3 1/2-1/2

[Event "Mexico City Fenamac IM-2 1st"]
[Site "Mexico City"]
[Date "2021.05.07"]
[Round "1"]
[White "Tello Chavez, Isaac Valentino"]
[Black "Figueredo Losada, Leonel"]
[Result "1/2-1/2"]
[WhiteElo "2254"]
[BlackElo "2369"]
[PlyCount "41"]
[EventDate "2021.05.05"]
[EventType "tourn"]
[EventRounds "9"]
[EventCountry "MEX"]
[EventCategory "1"]
[SourceTitle "CBM 202 Extra"]
[Source "ChessBase"]
[SourceDate "2021.07.31"]
[SourceVersion "1"]
[SourceVersionDate "2021.07.31"]
[SourceQuality "1"]

1. c4 f5 2. d4 Nf6 3. g3 g6 4. Bg2 Bg7 5. Nc3 0-0 6. Nf3 d6 7. 0-0 c6 8. d5 e5 9. dxe6 Bxe6 10. Qd3 Ng4 11. b3 Ne5 12. Qd2 Na6 13. Bb2 Qe7 14. Nd4 Rad8 15. Rae1 Bc8 16. f4 Qc7 17. e4 Nc5 18. Re3 Qb6 19. Rd1 fxe4 20. Nxe4 Nxe4 21. Bxe4 1/2-1/2

[Event "North American-ch U20"]
[Site "Charlotte"]
[Date "2020.12.21"]
[Round "5"]
[White "Chen, Ryo"]
[Black "Tello Chavez, Isaac Valentino"]
[Result "1-0"]
[WhiteElo "2165"]
[BlackElo "2275"]
[PlyCount "49"]
[EventDate "2020.12.19"]
[EventType "swiss"]
[EventRounds "9"]
[EventCountry "USA"]
[SourceTitle "CBM 199 Extra"]
[Source "ChessBase"]
[SourceDate "2021.01.31"]
[SourceVersion "1"]
[SourceVersionDate "2021.01.31"]
[SourceQuality "1"]

1. e4 c6 2. d4 d5 3. Nd2 dxe4 4. Nxe4 Bf5 5. Ng3 Bg6 6. h4 h6 7. Nf3 e6 8. Ne5 Bh7 9. Bd3 Bxd3 10. Qxd3 Nd7 11. Bf4 Qa5+ 12. c3 Ngf6 13. Nc4 Qd5 14. Qe2 Nb6 15. Ne5 Qb5 16. Qc2 Qa6 17. Ne4 Nbd5 18. Bd2 Rd8 19. Nc5 Bxc5 20. dxc5 Nd7 21. Nxd7 Rxd7 22. c4 Ne7 23. Rh3 Nf5 24. Ra3 Nd4 25. Qc3 1-0

[Event "FISU World University"]
[Site "Tornelo INT"]
[Date "2020.10.28"]
[Round "8.10"]
[White "Tello Chavez, Isaac Valentino"]
[Black "Loaiza, Yurani"]
[Result "1-0"]
[WhiteElo "2275"]
[BlackElo "1942"]
[PlyCount "91"]
[EventDate "2020.10.26"]
[EventType "team-swiss (rapid)"]
[EventRounds "9"]
[EventCountry "NET"]
[SourceTitle "CBM 199 Extra"]
[Source "ChessBase"]
[SourceDate "2021.01.31"]
[SourceVersion "1"]
[SourceVersionDate "2021.01.31"]
[SourceQuality "1"]
[WhiteTeam "Mexico"]
[BlackTeam "Colombia IV"]
[WhiteTeamCountry "MEX"]
[BlackTeamCountry "COL"]

1. c4 e6 2. Nf3 d5 3. b3 Nf6 4. g3 Bd6 5. Bb2 0-0 6. Bg2 c6 7. 0-0 Re8 8. d3 e5 9. cxd5 cxd5 10. Nbd2 Bg4 11. h3 Bh5 12. e4 dxe4 13. Nxe4 Nxe4 14. dxe4 Nc6 15. Qd5 Qf6 16. g4 Bg6 17. Rad1 Rad8 18. Qc4 Qf4 19. Nh4 Bb8 20. Bc1 Qf6 21. Nf5 Nd4 22. Rfe1 Rc8 23. Qf1 Red8 24. h4 Bxf5 25. Bg5 Qd6 26. gxf5 Re8 27. Qd3 a6 28. Kh1 Ba7 29. Rg1 Rc2 30. Qxc2 Nxc2 31. Rxd6 Bxf2 32. Rgd1 Nd4 33. f6 g6 34. Rf1 Bg3 35. Bh3 h6 36. Kg2 hxg5 37. Kxg3 gxh4+ 38. Kxh4 Ne2 39. Rfd1 Nd4 40. Bg4 Kf8 41. Kg5 Kg8 42. Rh1 a5 43. Rd7 b5 44. Rc7 Rd8 45. Rc3 Re8 46. Rch3 1-0

[Event "Online Olym Div2 E"]
[Site "Chess.com INT"]
[Date "2020.08.15"]
[Round "5.5"]
[White "Tello Chavez, Isaac Valentino"]
[Black "Aspiazu Sibri, Marlon Steven"]
[Result "0-1"]
[WhiteElo "2270"]
[BlackElo "2018"]
[PlyCount "78"]
[EventDate "2020.08.14"]
[EventType "team-tourn (rapid)"]
[EventRounds "9"]
[EventCountry "USA"]
[SourceTitle "CBM 198"]
[Source "ChessBase"]
[SourceDate "2020.10.31"]
[SourceVersion "1"]
[SourceVersionDate "2020.10.31"]
[SourceQuality "1"]
[WhiteTeam "Mexico"]
[BlackTeam "Ecuador"]
[WhiteTeamCountry "MEX"]
[BlackTeamCountry "ECU"]

1. c4 Nf6 2. g3 g6 3. Bg2 Bg7 4. Nc3 d6 5. e4 0-0 6. Nge2 e5 7. d3 c6 8. 0-0 a6 9. h3 b5 10. Be3 Be6 11. b3 b4 12. Na4 c5 13. f4 exf4 14. gxf4 Nh5 15. Rb1 Nc6 16. e5 Rc8 17. exd6 Nd4 18. Nxc5 Nxe2+ 19. Qxe2 Ng3 20. Qf3 Nxf1 21. Nb7 Nd2 22. Bxd2 Qb6+ 23. Kh1 Bd4 24. Re1 Rfe8 25. Kh2 Bd7 26. Rxe8+ Bxe8 27. d7 Bxd7 28. Qd5 Bc6 29. c5 Qxb7 30. Qxd4 Bxg2 31. Bxb4 Bh1 32. Kg3 Qg2+ 33. Kh4 Qd5 34. Qf6 Qh5+ 35. Kg3 Qf3+ 36. Kh4 Qf2+ 37. Kg4 Bf3+ 38. Kg5 Qg3+ 39. Kh6 Qxh3+ 0-1

[Event "Online Olym Div2 E"]
[Site "Chess.com INT"]
[Date "2020.08.14"]
[Round "3.5"]
[White "Tello Chavez, Isaac Valentino"]
[Black "Bolanos, Fernando"]
[Result "1-0"]
[WhiteElo "2270"]
[BlackElo "2272"]
[PlyCount "51"]
[EventDate "2020.08.14"]
[EventType "team-tourn (rapid)"]
[EventRounds "9"]
[EventCountry "USA"]
[SourceTitle "CBM 198"]
[Source "ChessBase"]
[SourceDate "2020.10.31"]
[SourceVersion "1"]
[SourceVersionDate "2020.10.31"]
[SourceQuality "1"]
[WhiteTeam "Mexico"]
[BlackTeam "Bolivia"]
[WhiteTeamCountry "MEX"]
[BlackTeamCountry "BOL"]

1. c4 Nf6 2. g3 c5 3. Bg2 Nc6 4. Nc3 g6 5. e4 d6 6. Nge2 Bg7 7. d3 0-0 8. 0-0 a6 9. h3 Rb8 10. a4 b6 11. Be3 Qc7 12. f4 e6 13. f5 exf5 14. exf5 Bxf5 15. g4 Be6 16. Qd2 h5 17. Bg5 Nh7 18. gxh5 gxh5 19. Bh6 Nb4 20. Ng3 Qe7 21. Nxh5 Bd4+ 22. Kh1 Qh4 23. Bxf8 Rxf8 24. Qh6 Kh8 25. Rf4 Qe7 26. Rxd4 1-0

[Event "Mexico City Fenamac-B 2nd"]
[Site "Mexico City"]
[Date "2020.03.13"]
[Round "2"]
[White "Garcia Almaguer, Juan Manuel"]
[Black "Tello Chavez, Isaac Valentino"]
[Result "0-1"]
[WhiteElo "2204"]
[BlackElo "2270"]
[PlyCount "83"]
[EventDate "2020.03.12"]
[EventType "tourn"]
[EventRounds "9"]
[EventCountry "MEX"]
[EventCategory "2"]
[SourceTitle "CBM 195 Extra"]
[Source "ChessBase"]
[SourceDate "2020.05.31"]
[SourceVersion "1"]
[SourceVersionDate "2020.05.31"]
[SourceQuality "1"]

1. d4 d5 2. Nc3 Bf5 3. Bf4 c6 4. f3 e6 5. e3 Be7 6. Bd3 Bg6 7. Nge2 Nd7 8. Qd2 Ngf6 9. g4 c5 10. Nb5 0-0 11. Bc7 Qc8 12. Bg3 a6 13. Nbc3 b5 14. Nf4 cxd4 15. exd4 Bxd3 16. Qxd3 Bb4 17. g5 Ne8 18. 0-0 Bxc3 19. bxc3 Qc6 20. Rae1 Rc8 21. Ne2 Nb6 22. Bf4 Na4 23. Bd2 Nd6 24. f4 Ne4 25. Ng3 Naxc3 26. a4 bxa4 27. Bxc3 Nxg3 28. Rf3 Ne4 29. Bb4 Rfe8 30. c3 Qb5 31. Rxe4 dxe4 32. Qxe4 Qd5 33. Qd3 a5 34. Ba3 Qc4 35. Qe4 Rb8 36. Rh3 g6 37. Qe1 Qa2 38. Bc1 Rb1 39. Rd3 Qc2 40. Rd1 Reb8 41. d5 R8b2 42. Qe2 0-1

[Event "Pan American-ch U20"]
[Site "Cochabamba"]
[Date "2019.08.05"]
[Round "8"]
[White "Munoz, Francisco Javier"]
[Black "Tello Chavez, Isaac Valentino"]
[Result "1-0"]
[WhiteElo "2282"]
[BlackElo "2271"]
[PlyCount "65"]
[EventDate "2019.08.01"]
[EventType "swiss"]
[EventRounds "9"]
[EventCountry "BOL"]
[SourceTitle "EXT 2021"]
[Source "ChessBase"]
[SourceDate "2020.10.23"]
[SourceVersion "1"]
[SourceVersionDate "2020.10.23"]
[SourceQuality "1"]

1. e4 c6 2. c4 d5 3. exd5 cxd5 4. cxd5 Qxd5 5. Nc3 Qd8 6. Nf3 Nf6 7. d4 e6 8. a3 Be7 9. Bd3 Nc6 10. 0-0 0-0 11. Re1 b6 12. Bg5 Bb7 13. Bc2 Rc8 14. Qd3 g6 15. Bh6 Re8 16. Rad1 Nd5 17. h4 Nxc3 18. bxc3 Bxa3 19. h5 Ne7 20. Bg5 Qc7 21. hxg6 hxg6 22. c4 Bd6 23. Ne5 Nf5 24. Ba4 Red8 25. Bxd8 Rxd8 26. Qc3 Rc8 27. Bb3 Qe7 28. c5 bxc5 29. Nxf7 Kxf7 30. Bxe6+ Qxe6 31. Rxe6 Kxe6 32. Qb3+ Bd5 33. Re1+ 1-0

[Event "Pan American-ch U20"]
[Site "Cochabamba"]
[Date "2019.08.05"]
[Round "7"]
[White "Tello Chavez, Isaac Valentino"]
[Black "Guerrero Cataldo, Juan Andres"]
[Result "1-0"]
[WhiteElo "2271"]
[BlackElo "2035"]
[PlyCount "69"]
[EventDate "2019.08.01"]
[EventType "swiss"]
[EventRounds "9"]
[EventCountry "BOL"]
[SourceTitle "EXT 2021"]
[Source "ChessBase"]
[SourceDate "2020.10.23"]
[SourceVersion "1"]
[SourceVersionDate "2020.10.23"]
[SourceQuality "1"]

1. d4 Nf6 2. Bg5 b6 3. Bxf6 exf6 4. e3 Bb7 5. Nf3 f5 6. g3 g6 7. Bg2 Bg7 8. 0-0 0-0 9. c4 d6 10. Nc3 Nd7 11. Qc2 Nf6 12. d5 Re8 13. Nd4 h5 14. b4 h4 15. gxh4 Nh5 16. Nf3 Bf6 17. Rad1 Bxh4 18. Nxh4 Qxh4 19. Rd4 Qf6 20. Ne2 a5 21. Bf3 Ng7 22. b5 Kh7 23. Kg2 Rh8 24. h4 Kg8 25. Rh1 Nh5 26. Bxh5 Rxh5 27. Ng3 Rh6 28. h5 Kg7 29. hxg6 fxg6 30. Rxh6 Kxh6 31. Rf4 Rh8 32. e4 Qg5 33. Qd2 Kg7 34. exf5 gxf5 35. Qd4+ 1-0

[Event "MEX-ch U26"]
[Site "Merida"]
[Date "2019.05.15"]
[Round "4"]
[White "Rodriguez Barragan, Luis E"]
[Black "Tello Chavez, Isaac Valentino"]
[Result "1-0"]
[WhiteElo "2097"]
[BlackElo "2303"]
[PlyCount "131"]
[EventDate "2019.05.12"]
[EventType "swiss"]
[EventRounds "6"]
[EventCountry "MEX"]
[SourceTitle "EXT 2020"]
[Source "ChessBase"]
[SourceDate "2019.10.17"]
[SourceVersion "1"]
[SourceVersionDate "2019.10.17"]
[SourceQuality "1"]

1. d4 d5 2. Nf3 Nf6 3. c4 c6 4. g3 a6 5. Qb3 e6 6. Bg2 Be7 7. 0-0 0-0 8. Bf4 Nbd7 9. Qc2 Re8 10. b3 Nf8 11. Nc3 Ng6 12. e3 Nxf4 13. exf4 dxc4 14. bxc4 c5 15. dxc5 Bxc5 16. Ne5 Qc7 17. Rab1 Rb8 18. Rfd1 Nd7 19. Qa4 Rd8 20. Ne4 Be7 21. c5 Nxe5 22. Rxd8+ Qxd8 23. fxe5 Bd7 24. Qd4 Qc7 25. Nd6 Bc6 26. Rb6 Bxg2 27. Kxg2 h6 28. Qb4 h5 29. h4 g6 30. Kh2 Bf8 31. a4 Bg7 32. f4 Rf8 33. Qc4 Rb8 34. Qb4 Rf8 35. Rxb7 Qc6 36. Qc4 Qf3 37. Rb2 f6 38. Qxe6+ Kh7 39. exf6 Rxf6 40. Qe2 Rxf4 41. Qxf3 Rxf3 42. Rc2 Be5 43. Ne4 Re3 44. Rc4 Re2+ 45. Kg1 Kg7 46. c6 Bc7 47. Kf1 Ra2 48. Nc5 Bxg3 49. Nxa6 Rf2+ 50. Kg1 Ra2 51. c7 Bxc7 52. Nxc7 Kf6 53. Nd5+ Ke5 54. Nc3 Ra1+ 55. Kf2 Kf5 56. Ke2 g5 57. Rc5+ Kg4 58. hxg5 h4 59. g6 Kf4 60. Rc4+ Kf5 61. g7 Rg1 62. Rxh4 Rxg7 63. Kd3 Ke5 64. Rh6 Rd7+ 65. Kc4 Rc7+ 66. Kb4 1-0

[Event "MEX-ch U26"]
[Site "Merida"]
[Date "2019.05.14"]
[Round "3"]
[White "Tello Chavez, Isaac Valentino"]
[Black "Moguel Lopez, Eduardo"]
[Result "1-0"]
[WhiteElo "2303"]
[BlackElo "1942"]
[PlyCount "49"]
[EventDate "2019.05.12"]
[EventType "swiss"]
[EventRounds "6"]
[EventCountry "MEX"]
[SourceTitle "EXT 2020"]
[Source "ChessBase"]
[SourceDate "2019.10.17"]
[SourceVersion "1"]
[SourceVersionDate "2019.10.17"]
[SourceQuality "1"]

1. c4 e5 2. Nc3 Nf6 3. g3 Nc6 4. Bg2 Bc5 5. e3 0-0 6. Nge2 a6 7. d4 Ba7 8. 0-0 Re8 9. h3 d6 10. b3 Bd7 11. Bb2 Qc8 12. Kh2 Ne7 13. Rc1 Ng6 14. dxe5 Nxe5 15. Nd5 Nxd5 16. cxd5 Qd8 17. Nd4 Rc8 18. f4 Ng6 19. e4 c6 20. dxc6 bxc6 21. Nf5 Bxf5 22. exf5 Ne7 23. Qg4 g6 24. fxg6 hxg6 25. Qh4 1-0

[Event "MEX-ch U26"]
[Site "Merida"]
[Date "2019.05.12"]
[Round "1"]
[White "Tello Chavez, Isaac Valentino"]
[Black "Ruiz Perez, Juan Octavio"]
[Result "1-0"]
[WhiteElo "2303"]
[BlackElo "1997"]
[PlyCount "189"]
[EventDate "2019.05.12"]
[EventType "swiss"]
[EventRounds "6"]
[EventCountry "MEX"]
[SourceTitle "EXT 2020"]
[Source "ChessBase"]
[SourceDate "2019.10.17"]
[SourceVersion "1"]
[SourceVersionDate "2019.10.17"]
[SourceQuality "1"]

1. d4 Nf6 2. Bg5 c5 3. Bxf6 gxf6 4. d5 Qb6 5. Qc1 Bh6 6. e3 f5 7. g3 d6 8. Nd2 Nd7 9. Bg2 Bg7 10. Rb1 Qa6 11. a3 b5 12. Ne2 Bb7 13. Nf4 Nb6 14. Qd1 Be5 15. Nh5 Nxd5 16. 0-0 0-0-0 17. Nb3 Nb6 18. Bxb7+ Qxb7 19. Na5 Qe4 20. Re1 Rhg8 21. f3 Qd5 22. Qe2 Nc4 23. Rbd1 Qe6 24. Nc6 Rd7 25. a4 b4 26. b3 Rc7 27. Nxe5 Nxe5 28. Nf4 Qd7 29. Nd5 Rb7 30. f4 Ng4 31. h3 Nh6 32. Kh2 Rg6 33. Qa6 Kb8 34. c3 bxc3 35. Nxc3 Rb6 36. Qe2 Qb7 37. a5 Rb4 38. a6 Qc6 39. Nd5 Re4 40. Qg2 Qxa6 41. b4 e6 42. b5 Qb7 43. Nc3 Rc4 44. Qd2 d5 45. b6 axb6 46. Nb5 Rb4 47. Nd6 Qc6 48. Ra1 Qxd6 49. Qa2 Qc6 50. Qa7+ Kc8 51. Qe7 Ra4 52. Qf8+ Kd7 53. Reb1 Rg8 54. Qxh6 Rga8 55. Qxh7 Rxa1 56. Qxf7+ Kc8 57. Rxa1 Rxa1 58. Qf8+ Kb7 59. Qg7+ Qc7 60. Qxa1 c4 61. Qc3 Qc5 62. h4 d4 63. exd4 Qb5 64. Qf3+ Qd5 65. Qc3 Qb5 66. Qf3+ Kc7 67. Qa3 Qb3 68. Qe7+ Kb8 69. h5 Qf3 70. Qxe6 Qxh5+ 71. Kg2 b5 72. Qb6+ Kc8 73. Qc6+ Kd8 74. Qd6+ Kc8 75. Qe6+ Kd8 76. d5 Qh7 77. Qb6+ Qc7 78. Qf6+ Ke8 79. Qe6+ Kd8 80. Qg8+ Kd7 81. Qf7+ Kd8 82. Qf8+ Kd7 83. Qxf5+ Kd6 84. Qe5+ Kd7 85. Qe6+ Kd8 86. d6 Qc6+ 87. Kf2 c3 88. Qf6+ Kd7 89. Qe7+ Kc8 90. Ke3 Qc5+ 91. Kd3 Qc4+ 92. Kc2 Qa2+ 93. Kxc3 Qc4+ 94. Kd2 Qd4+ 95. Ke2 1-0

[Event "Olympiad-43"]
[Site "Batumi"]
[Date "2018.09.27"]
[Round "4.49"]
[White "Sultan, Ibrahim"]
[Black "Tello Chavez, Isaac Valentino"]
[Result "1-0"]
[WhiteElo "2112"]
[BlackElo "2319"]
[PlyCount "127"]
[EventDate "2018.09.24"]
[EventType "team-swiss"]
[EventRounds "11"]
[EventCountry "GEO"]
[SourceTitle "CBM 187"]
[Source "ChessBase"]
[SourceDate "2018.12.11"]
[SourceVersion "1"]
[SourceVersionDate "2018.12.11"]
[SourceQuality "1"]
[WhiteTeam "United Arab Emirates"]
[BlackTeam "Mexico"]
[WhiteTeamCountry "UAE"]
[BlackTeamCountry "MEX"]

1. d4 d5 2. c4 c6 3. cxd5 cxd5 4. Nc3 Nf6 5. Bf4 a6 6. e3 Nc6 7. Bd3 e6 8. Nf3 Bd6 9. 0-0 0-0 10. Rc1 Re8 11. Bxd6 Qxd6 12. e4 dxe4 13. Nxe4 Qe7 14. Ne5 Rd8 15. Rxc6 Nxe4 16. Rxc8 Raxc8 17. Bxe4 Rc7 18. Nf3 b5 19. Qe2 Qb4 20. Rd1 Qc4 21. Qxc4 Rxc4 22. a3 h6 23. Kf1 g5 24. Bd3 Rc6 25. h3 f6 26. Ke2 Kf7 27. Ke3 Ke7 28. Bb1 b4 29. axb4 Rb6 30. Bc2 Rxb4 31. b3 Rc8 32. Kd3 Rd8 33. Ra1 Rb6 34. Kc3 h5 35. Ra4 Rc6+ 36. Kb2 g4 37. hxg4 hxg4 38. Ng1 Rdc8 39. Bd3 Rc1 40. Ne2 Rf1 41. Rxa6 Rxf2 42. g3 Rf3 43. Bb5 f5 44. Nf4 Rxg3 45. Rxe6+ Kf7 46. Re5 Rf3 47. Rxf5+ Ke7 48. Re5+ Kf6 49. Nh5+ Kg6 50. Be2 Rf2 51. Ka3 Ra8+ 52. Kb4 Rb8+ 53. Kc4 Rc8+ 54. Kd3 Rb8 55. Ke3 Rh2 56. Nf4+ Kf6 57. Bxg4 Rxb3+ 58. Ke4 Rd2 59. Rf5+ Ke7 60. Nd5+ Ke8 61. Bh5+ Kd7 62. Ke5 Rb1 63. Rf7+ Kc6 64. Rc7+ 1-0